Las atlántidas
Gorde:
| Formatua: | Liburua |
|---|---|
| Hizkuntza: | gaztelania |
| Argitaratua: |
Madrid
Revista de Occidente
1960
|
| Saila: | <El >arquero
|
| Gaiak: | |
| Etiketak: |
Etiketa erantsi
Etiketarik gabe, Izan zaitez lehena erregistro honi etiketa jartzen!
|
MARC
| LEADER | 00000nam a2200000 a 4500 | ||
|---|---|---|---|
| 001 | UCU4827 | ||
| 003 | CL-VaPUC | ||
| 008 | 960524e19600000SP |||||||||||||||||spa|d | ||
| 082 | 0 | 4 | |a 196.1 |b ORT |2 21 |
| 245 | 1 | 4 | |a Las atlántidas |
| 246 | 1 | 0 | |a Del Imperio Romano |
| 300 | |a 163 p | ||
| 942 | |c BK | ||
| 945 | |d 19960524 00:00:00 |a aalvarez | ||
| 260 | |a Madrid |b Revista de Occidente |c 1960 | ||
| 650 | 0 | |a Filosofía española |9 254895 | |
| 650 | 0 | |a Filosofía de la historia |9 265651 | |
| 583 | |a last modification |c 19960524 00:00:00 |k Rodrigo Vera | ||
| 490 | 0 | |a <El >arquero | |
| 999 | |c 248363 |d 248361 | ||
| 952 | |0 0 |1 2 |4 0 |6 196_100000000000000_ORT_1960 |7 0 |8 A |9 264949 |a BIBTEO |b BIBTEO |d 2019-11-19 |i 3198650 |o 196.1 ORT 1960 |p 3198650 |r 2019-11-19 |w 2019-11-19 |y BK |k ICR | ||